<The> EMS is a greater Deutschmark area.

Zhoda medzi európskymi politikmi o tom, že EMS sa rozvinul do asymetrického systému fixných výmenných kurzov s nemeckou markou v centre. Testovanie hypotézy dominantnosti nemeckej menovej politiky v EMS. Delorsova správa a otázka pretvorenia asymetrického EMS do symetrickejšieho systému s Európskou...

Descrizione completa

Salvato in:
Dettagli Bibliografici
Autore principale: Herz, B.
Altri autori: Röger, W.
Natura: Capitolo di libro
Lingua:inglese
Soggetti:
Tags: Aggiungi Tag
Nessun Tag, puoi essere il primo ad aggiungerne!!

MARC

LEADER 00000naa a2200000 4500
001 r011106
005 20221130112756.0
041 0 |a eng 
044 |a NL 
245 1 0 |a <The> EMS is a greater Deutschmark area.  |c B. Herz, W. Röger 
520 |a Zhoda medzi európskymi politikmi o tom, že EMS sa rozvinul do asymetrického systému fixných výmenných kurzov s nemeckou markou v centre. Testovanie hypotézy dominantnosti nemeckej menovej politiky v EMS. Delorsova správa a otázka pretvorenia asymetrického EMS do symetrickejšieho systému s Európskou ústrednou bankou. 
610 2 0 |a kurz výmenný 
610 2 0 |a Európa 
610 2 0 |a marka 
610 2 0 |a Nemecko 
610 2 0 |a politika menová 
610 2 0 |a testovanie hypotéz 
610 2 0 |a banky emisné 
610 2 0 |a banky medzinárodné 
610 2 0 |a Delors, J. 
610 2 0 |a európsky menový systém 
610 2 0 |a modely makroekonomické 
100 1 |a Herz, B. 
700 1 |a Röger, W.